Normal view
MARC view
- PhD Electrical Engineering
Entry Topical Term
001 - CONTROL NUMBER
- control field: 84162
003 - CONTROL NUMBER IDENTIFIER
- control field: NUST
005 - DATE AND TIME OF LATEST TRANSACTION
- control field: 20211115165750.0
008 - FIXED-LENGTH DATA ELEMENTS
- fixed length control field: 211115|| aca||aabn | a|a d
040 ## - CATALOGING SOURCE
- Original cataloging agency: NUST
- Transcribing agency: NUST
150 ## - HEADING--TOPICAL TERM
- Topical term or geographic name entry element: PhD Electrical Engineering
670 ## - SOURCE DATA FOUND
- Source citation: Work cat.: (NUST)527352: Baig, Nauman Anwar 18564, High Resolution Target Localization using Rotation Linear Array Radar /, 2017.
